000 00390nam a2200133Ia 4500
008 220217s9999||||xx |||||||||||||| ||und||
020 _a81-224-4217-8
082 _a621.381 52 BEN
100 _aBenda, Hansjiochen
245 0 _aIntroduction to the basic principles of semicounductors:siem
260 _aWiley eastern limited
_bNew Delhi
_c1991
300 _b40
650 _aCIRCUITRY
999 _c173300
_d173300